Baeumker Kelemen.
Elmentve itt :
| Szerző: | |
|---|---|
| Adatforrás: | Philobibl |
| Forrásdokumentuma: | Religió 1913. évf., 552-553.p. p. |
| Dokumentumtípus: | Cikk |
| Nyelv: | magyar |
| LEADER | 00271nab a2200097 c 4500 | ||
|---|---|---|---|
| 001 | bibDOK00023076 | ||
| 005 | 20200924121719.8 | ||
| 008 | 060518s1913 hu hun | ||
| 100 | 1 | |a Trikál József | |
| 245 | 1 | 0 | |a Baeumker Kelemen. |c Trikál József |
| 773 | 0 | |t Religió |g 1913. évf., 552-553.p. p. | |